000 00500nam a2200181Ia 4500
005 20250508150501.0
008 008 250505s9999 xx 000 0 eng d
037 _aBooks to be hide in OPAC
040 _aFEDL
_beng
_cFEDL
041 _aeng
_2eng
084 _a745.6, HEW/O
_qFEDL
100 _aHewitt Graily
_9756784
245 0 _aLettering
260 _aLondon, UK
_bSeeley, Service and Company Ltd.
300 _a336p.
942 _cHB
_h745.6, HEW/O
999 _c1323849
_d1323849